• 首页
  • 本馆介绍
  • 公告通知
  • 最新文献
  • 馆藏检索
  • 电子资源
  • 读者导购
  • 参考咨询
  • 我的图书馆
  • 登录
  • 详细信息显示
  • 放入我的书架
  • 预约/预借图书
  • 作者相关作品
  • 分类相关作品
  • 丛书相关作品
  • 出版社相关作品

书目信息

  • 表格格式
  • 工作单格式
  • 卡片格式
题名:
假如给我三天光明
    
 
作者: 凯勒 著 ;方若君 , 少年吴大 译
分册:  
出版信息: 上海   文汇出版社  2016
页数: 337页
开本: 21cm
丛书名: 经典爱藏本系列
单 册:
中图分类: K837.125.6=533 , K837.125
科图分类:
主题词: 女作家--自传--美国--现代
电子资源:
ISBN: 978-7-5496-1764-7
000 01521oam2 2200313 450
001 2378258344
005 20231209213155.26
010    @a978-7-5496-1764-7@dCNY36.80
100    @a20161025d2016 em y0chiy50 ea
101 12 @achi@aeng@ceng
102    @aCN@b310000
105    @aa z 000ya
200 1  @a假如给我三天光明@9jia ru gei wo san tian guang ming@dThree day to see@zeng@f(美)海伦·凯勒[著]@g方若君译,少年吴大图
210    @a上海@c文汇出版社@d2016
215    @a337页@c图@d21cm
225 1  @a经典爱藏本系列
314    @a海伦·凯勒 (Helen Keller) (1880-1968),女,美国作家、教育家、慈善家、社会活动家。
330    @a本书详细讲述了海伦·凯勒因一场疾病失去了视觉和听觉,但在安妮·莎莉文老师的耐心教育下不仅学会了读书认字,而且开始独立地认识世界,并以优秀成绩从哈佛大学毕业,最终成长为著名教育家及作家的故事,传递了海伦·凯勒乐观、自强的精神。同名文章是本书中最精彩、最有影响力的篇章。在散文中,海伦·凯勒假想自己如果有三天的光明将会去做什么,她想象的三天的活动充实而短暂,海伦·凯勒以盲聋之人的视角,告诫身体健全的我们应该好好珍惜生命,珍惜时间,热爱生活,关爱他人。
461  0 @12001 @a经典爱藏本系列
510 1  @aThree day to see@zeng
600  0 @a凯勒@c(Keller, Helen@f1880-1968)@x自传
606 0  @a女作家@x自传@y美国@z现代
690    @aK837.125.6=533@v5
690    @aK837.125@v4
701  0 @c(美)@a凯勒@9kai le@c(Keller, Helen@f1880-1968)@4著
702  0 @a方若君@9fang ruo jun@4译
702  0 @a少年吴大@9shao nian wu da@4图
801  0 @aCN@b91MARC@c20161118
905    @aZUCC@dK837.125@e63
    
    假如给我三天光明=Three day to see/(美)海伦·凯勒[著]/方若君译,少年吴大图.-上海:文汇出版社,2016
    337页:图;21cm.-(经典爱藏本系列)
    
    
    ISBN 978-7-5496-1764-7:CNY36.80
    本书详细讲述了海伦·凯勒因一场疾病失去了视觉和听觉,但在安妮·莎莉文老师的耐心教育下不仅学会了读书认字,而且开始独立地认识世界,并以优秀成绩从哈佛大学毕业,最终成长为著名教育家及作家的故事,传递了海伦·凯勒乐观、自强的精神。同名文章是本书中最精彩、最有影响力的篇章。在散文中,海伦·凯勒假想自己如果有三天的光明将会去做什么,她想象的三天的活动充实而短暂,海伦·凯勒以盲聋之人的视角,告诫身体健全的我们应该好好珍惜生命,珍惜时间,热爱生活,关爱他人。
●
相关链接 在五车中查询图书 在当当中查询图书 在豆瓣中查询图书


正题名:假如给我三天光明     索取号:K837.125/63         预约/预借

序号 登录号 条形码 馆藏地/架位号 状态 备注
1 2001035139   2001035139   第四书库/四30架B面3层4列/ [索取号:K837.125/63] 在馆    
2 2001035140   2001035140   第四书库/四30架B面3层4列/ [索取号:K837.125/63] 在馆    
3 2001035141   2001035141   第四书库/四30架B面3层4列/ [索取号:K837.125/63] 在馆    
4 2001035142   2001035142   第四书库/四30架B面3层4列/ [索取号:K837.125/63] 在馆    
5 2001035143   2001035143   第四书库/四30架B面3层4列/ [索取号:K837.125/63] 在馆    
6 2001035144   2001035144   第四书库/四30架B面3层4列/ [索取号:K837.125/63] 在馆    
山东省滨州职业学院图书馆 欢迎您!
大连网信软件有限公司© 版权所有